Top 500 Most Published DC Comics Characters - Statistics

General Stats
  • This quiz has been taken 342 times
  • The average score is 155 of 500
Answer Stats
Character Appearances % Correct
Batman (Bruce Wayne) 24913
99%
Golden Age Superman (Kal-L) 380
99%
Superman (Clark Kent/Kal-El) 19755
99%
Batman Beyond (Terry McGinnis) 430
98%
Superboy (Jon Kent) 773
98%
The Joker 4604
98%
Nightwing (Dick Grayson) 10124
97%
Green Lantern (Tomar-Re) 362
96%
Impulse (Bart Allen) 1210
96%
Red Hood (Jason Todd) 1988
96%
Robin (Damian Wayne) 2213
96%
The Flash (Barry Allen) 5437
96%
The Flash (Jay Garrick) 2098
96%
The Flash (Wally West) 3403
96%
Wonder Woman (Diana) 9378
96%
The Signal (Duke Thomas) 476
95%
Red Robin (Tim Drake) 3594
94%
Green Lantern (Guy Gardner) 1714
93%
Green Lantern (Hal Jordan) 5618
93%
Green Lantern (Alan Scott) 2143
92%
Green Lantern (John Stewart) 2016
92%
Green Lantern (Kilowog) 965
92%
Green Lantern (Kyle Rayner) 1761
92%
Aquaman (Arthur Curry) 4954
91%
Cyborg (Victor Stone) 3248
91%
Matthew "Red" Ryan 308
91%
Green Lantern (Jessica Cruz) 527
90%
Green Lantern (Abin Sur) 382
89%
Green Lantern (Arisia Rrab) 544
89%
Green Lantern (Katma Tui) 305
89%
Green Lantern (Simon Baz) 484
89%
Green Lantern (Tomar-Tu) 254
89%
Supergirl (Kara Zor-El) 3644
89%
Green Lantern (Chaselon) 293
88%
Green Lantern (Hannu) 242
88%
Green Lantern (Isamot Kol) 218
88%
Green Lantern (Mogo) 318
88%
Green Lantern (Salaak) 573
88%
Lex Luthor 4627
88%
Soranik Natu 305
88%
Harley Quinn (Harleen Quinzel) 2934
87%
Ace the Bat-Hound 350
86%
Barbara Gordon 4593
86%
Kyle "Ace" Morgan 317
86%
Fire (Beatriz da Costa) 678
85%
Raven (Rachel Roth) 1903
85%
Beast Boy (Garfield Logan) 2169
84%
Catwoman (Selena Kyle) 3777
84%
Supergirl (Linda Danvers) 222
82%
Supergirl (Matrix) 327
82%
Green Arrow (Oliver Queen) 4562
81%
Martian Manhunter (J'onn J'onzz 3928
81%
Poison Ivy (Pamela Isley) 2207
81%
Starfire (Koriand'r) 2327
81%
The Penguin (Oswald Cobblepot) 2278
81%
Batgirl (Cassandra Cain) 1064
80%
Superboy (Connor Kent/Kon-El) 1844
80%
Bane 1151
79%
Green Arrow (Connor Hawke) 479
78%
Spoiler (Stephanie Brown) 936
78%
Darkseid (Uxas) 1659
77%
Deathstroke (Slade Wilson) 1439
76%
Mr. Miracle (Scott Free) 1004
76%
The Riddler (Edward Nygma) 1755
76%
Captain Marvel/Shazam (Billy Batson) 2703
75%
Two-Face (Harvey Dent) 2012
75%
Ra's Al Ghul 1140
74%
Reverse-Flash (Eobard Thawne) 437
74%
Death of the Endless 235
73%
Hawk (Hank Hall) 442
73%
Batwoman (Kate Kane) 1135
71%
Lois Lane 6736
71%
Hawkgirl (Shiera Sanders) 1864
70%
Owlman (Earth-3) 292
70%
The Scarecrow (Jonathan Crane) 1717
70%
Thaal Sinestro 1326
69%
Black Canary (Dinah Drake) 221
68%
Black Canary (Dinah Lance) 3527
68%
Hawkman (Carter Hall) 2149
68%
The Wizard (Shazam) 444
68%
Deadshot (Floyd Lawton) 1060
67%
Killer Croc (Waylon Jones) 1686
67%
Lilith Clay 309
67%
The Atom (Ray Palmer) 2012
67%
Talia al Ghul 969
66%
The Atom (Al Pratt) 718
66%
The Atom (Ryan Choi) 238
65%
Krypto 1228
64%
The Brain (Ernst) 248
64%
Blue Beetle (Jaime Reyes) 757
63%
Blue Beetle (Ted Kord) 1098
63%
Swift (Shen Li-Min) 236
63%
The Cheetah (Barbara Ann Minerva) 951
63%
Dr. Fate (Hector Hall) 304
62%
Dr. Fate (Kent Nelson) 1275
62%
Clayface (Basil Karlo) 1095
61%
Blue Beetle (Dan Garrett) 303
60%
Captain Cold (Leonard Snart) 1069
60%
James Gordon 5638
60%
Mr. Freeze (Victor Fries) 1282
60%
Black Adam (Teth-Adam) 906
59%
Jor-El 1121
59%
Tempest (Garth) 1280
59%
Brainiac 5 (Querl Dox) 1155
58%
Brainiac (Vril Dox) 1383
58%
Vril Dox II 276
58%
John Constantine 1703
57%
Kid Flash (Wallace West) 476
57%
Aqualad (Jackson Hyde) 270
56%
Black Manta (David Milton Hyde) 725
56%
Booster Gold (Michael Carter) 1215
56%
General Zod (Dru-Zod) 803
56%
Plastic Man (Eel O'Brian) 1534
56%
Solomon Grundy (Cyrus Gold) 938
56%
Wonder Girl (Cassandra Sandsmark) 1418
56%
Gorilla Grodd 1030
55%
The Huntress (Helena Wayne) 466
55%
Aquagirl (Tula) 269
54%
Iris West-Allen 998
53%
Swamp Thing 1097
52%
Jimmy Olsen 4110
51%
Power Girl (Karen Starr) 1870
51%
Bizarro 802
50%
Martha Wayne 1065
50%
Perry White 3067
50%
The Huntress (Helena Bertinelli) 1261
50%
Valor (Lard Gand/Mon-El) 851
50%
Zor-El 309
50%
Captain Boomerang (Digger Harkness) 871
49%
Martha Kent 1880
49%
Alura-El 252
48%
Doomsday 606
48%
Red Tornado 1136
48%
Thomas Wayne 1164
48%
Thunderheart (Iris "Irey" West II) 236
48%
Amanda Waller 1202
46%
Big Barda (Barda Free) 989
46%
Man-Bat (Kirk Langstrom) 932
46%
The Question (Renee Montoya) 1051
46%
Lobo 1235
45%
Mera 1096
45%
Red Arrow (Emiko Queen) 255
45%
Captain Atom (Nathaniel Adam) 879
44%
Firestorm (Ronnie Raymond) 1234
44%
Peacemaker (Christopher Smith) 313
44%
Firestorm (Martin Stein) 250
43%
Alfred Pennyworth 6025
42%
Firestorm (Jason Rusch) 351
42%
Lady Shiva (Sandra Wu-San) 344
42%
The Question (Vic Sage) 438
42%
Ice (Tora Olafsdotter) 526
41%
Star Sapphire (Carol Ferris) 1002
41%
Jonathan Kent 1918
40%
Killer Frost (Louise Lincoln) 257
40%
King Shark (Nanaue) 374
40%
Trigon 320
40%
Atrocitus (Atros) 342
39%
Black Mask (Roman Sionis) 510
39%
Hugo Strange 454
39%
Stargirl (Courtney Whitmore) 874
39%
The Ray (Ray Terrill) 459
39%
Miss Martian (M'gann M'orzz) 415
38%
Mr. Terrific (Michael Holt) 1091
38%
The Mad Hatter (Jervis Tetch) 820
38%
Elongated Man (Ralph Dinby) 1252
37%
Hush (Thomas Elliot) 371
37%
Mr. Terrific (Terry Sloane) 318
37%
Superwoman (Earth-3) 301
37%
Terra (Tara Markov) 344
37%
Ultraman (Earth-3) 368
37%
Vixen (Mari Jiwe McCabe) 951
37%
Zatanna Zatara 1866
37%
Dove (Dawn Granger) 338
36%
Katana (Tatsu Yamashiro) 984
36%
Black Lightning (Jefferson Michael Pierce) 1098
35%
Giganta (Doris Zuel) 443
35%
Mirror Master (Evan McCulloch) 369
35%
Mirror Master (Samuel Scudder) 376
35%
Speedy (Mia Dearden) 218
35%
Orion 758
34%
Steel (John Henry Irons) 1048
34%
Steve Trevor 1505
34%
Batwing (Luke Fox) 302
33%
Ocean Master (Orm) 363
33%
Wildcat (Theodore "Ted" Grant) 1322
33%
Dr. Light (Arthur Light) 465
32%
Parasite (Rudy Jones) 472
32%
Sarge Steel 276
32%
The Enchantress (June Moone) 454
32%
Toyman (Winslow Percival Schott) 360
32%
Lucius Fox 713
31%
Metamorpho (Rex Mason) 1162
31%
The Spectre 1365
31%
Donna Troy 2433
30%
Harvey Bullock 1453
30%
Etrigan the Demon 1057
29%
Lana Lang 1793
29%
Mary Marvel (Mary Batson) 1092
29%
Vandal Savage 639
29%
Artemis of Bana-Mighdall 484
28%
Lara Lor-Van 732
28%
Atom Smasher (Albert Julian Rothstein) 519
27%
Calendar Man (Julian Day) 245
27%
Deadman (Boston Brand) 987
27%
Firefly (Garfield Lynns) 292
27%
Giovanni Zatara 470
27%
Granny Goodness 413
27%
Jason Blood 295
27%
Metallo (John Corben) 493
27%
Rick Flag 254
27%
Weather Wizard (Mark/Marco Mardon) 541
27%
Bumblebee (Karen Beecher) 472
26%
Dream of the Endless (Morpheus) 359
26%
Professor Pyg (Lazlo Valentin) 273
26%
Steppenwolf 225
26%
Adam Strange 865
25%
Agent Orange (Larfleeze) 222
25%
Catman (Thomas Blake) 295
25%
Crispus Allen 223
25%
Dr. Light (Kimiyo Hoshi) 460
25%
Hippolyta 1469
25%
Killer Moth (Drury Walker) 404
25%
The Sandman (Wesley Dodds) 756
25%
Varsity Vic 233
25%
Circe 384
24%
Linda Park-West 452
24%
Mr. Mxyzptlk 676
24%
The Sandman (Sandy Hawkins) 491
24%
Victor Zsasz 492
24%
Vigilante (Greg Saunders) 410
24%
Walter "Prof" Haley 308
24%
Sam Lane 380
23%
Saturn Girl (Imra Ardeen) 1326
23%
Sgt. Rock (Franklin John Rock) 818
23%
Vibe (Cisco Ramon) 229
23%
Amazo 356
22%
Guardian (Jim Harper) 498
22%
Lucy Lane 462
22%
Animal Man (Buddy Baker) 808
21%
Anti-Monitor (Mobius) 314
21%
Bat-Mite 216
21%
Black Hand (William Hand) 238
21%
Desaad 512
21%
Gold 433
21%
Maxwell Lord 446
21%
Ravager (Rose Wilson) 564
21%
Robotman (Cliff Steele) 713
21%
Starman (Ted Knight) 579
21%
Starro 387
21%
The Trickster (Axel Walker) 227
21%
Burnout (Bobby Lane) 284
20%
Jonah Hex 571
20%
Mongul 225
20%
Azrael (Jean-Paul Valley) 640
19%
Hawkwoman (Shayera Thal) 843
19%
Johnny Quick (Earth-3) 234
19%
Parallax 327
19%
Saint Walker 232
19%
The Phantom Stranger 923
19%
The Trickster (Giovanni Giuseppe) 306
19%
The Ventriloquist (Arnold Wesker) 469
19%
Vicki Vale 557
19%
Captain Marvel Jr. (Freddy Freeman) 1019
18%
Cheshire (Jade Nguyen) 311
18%
Detective Chimp (Bobo T. Chimpanzee) 480
18%
Hourman (Rex Tyler) 592
18%
Jericho (Joseph Wilson) 471
18%
Lucifer Morningstar 265
18%
Shining Knight (Justin Arthur) 324
18%
Bronze Tiger (Ben Turner) 335
17%
Cyborg Superman (Hank Henshaw) 355
17%
Dr. Mid-Nite (Charles M. McNider) 636
17%
Duela Dent 293
17%
Geo-Force (Brion Markov) 539
17%
Highfather (Izaya) 443
17%
Hourman (Richard Tyler) 442
17%
Johnny Quick (Johnny Chambers) 391
17%
Roy Harper 2317
17%
Ultra Boy (Jo Nah) 844
17%
Cat Grant 450
16%
Cosmic Boy (Rokk Krinn) 1226
16%
Dolphin 228
16%
Dr. Mid-Nite (Pieter Cross) 569
16%
Scarface 389
16%
The Creeper (Jack Ryder) 535
16%
Alanna Strange 377
15%
Elasti-Girl (Rita Farr) 442
15%
Heat Wave (Mick Rory) 486
15%
Jesse Quick (Jesse Chambers) 592
15%
Kalibak 377
15%
Casey the Cop 364
14%
Count Vertigo (Werner Vertigo) 268
14%
Dream Girl (Nura Nal) 463
14%
Etta Candy 718
14%
Jade (Jennifer-Lynn Hayden) 648
14%
Lightning Lad (Garth Ranzz) 1087
14%
Rip Hunter 301
14%
The Warlord (Travis Morgan) 369
14%
Blue Devil (Daniel Patrick Cassidy) 447
13%
Dr. Psycho (Edgar Cizko) 351
13%
Frankenstein 357
13%
Iron 428
13%
John Grayson 256
13%
Julia Pennyworth 238
13%
Mary Grayson 254
13%
Max Mercury (Maxwell Crandall) 425
13%
Negative Man (Larry Trainor) 470
13%
Obsidian (Todd James Rice) 442
13%
Phantom Girl (Tinya Wazzo) 777
13%
Bouncing Boy (Chuck Taine) 439
12%
Bulletman (Jim Barr) 262
12%
Cain 482
12%
Despero 301
12%
Dr. Sivana (Thaddeus Sivana) 488
12%
Fury (Lyta Hall) 281
12%
Halo (Violet Harper) 383
12%
Power Ring (Earth-3) 216
12%
Ragman (Rory Regan) 363
12%
The Shade (Richard Swift) 242
12%
Tin 415
12%
Ultra-Humanite (Gerard Shugel) 256
12%
Uncle Sam 338
12%
Apollo (Andrew Pulaski) 381
11%
Gizmo (Mikron O'Jeneus) 227
11%
Jeremiah Arkham 277
11%
Joan Garrick 393
11%
Johnny Thunder 522
11%
Lady Blackhawk (Zinda Blake) 251
11%
Star Boy (Thom Kallor) 675
11%
The Chief (Niles Caulder) 432
11%
Blok 279
10%
Chameleon Boy (Reep Daggle) 908
10%
Joe Chill 517
10%
Katar Hol 1526
10%
Mammoth (Baran Flinders) 333
10%
Mercury 454
10%
Phantom Lady (Sandra Knight) 345
10%
Shade the Changing Man (Rac Shade) 252
10%
Blackhawk (Janos Prohaska) 754
9%
Chuck Wilson 351
9%
Felix Faust 349
9%
Ganthet 517
9%
Gentleman Ghost (Jim Craddock) 243
9%
Golden Glider (Lisa Snart) 260
9%
Gypsy (Cynnthia Mordeth) 268
9%
Klarion 273
9%
Mercy Graves 265
9%
Midnighter 452
9%
S.T.R.I.P.E. (Pat Dugan) 370
9%
Tim Hunter 243
9%
Bette Kane 252
8%
Blockbuster (Mark Desmond) 235
8%
Buzzy Brown 345
8%
Dan Hunter 236
8%
Dawnstar 445
8%
Duplicate Girl (Luornu Durgo) 641
8%
Eclipso 405
8%
Liberty Belle (Libby Lawrence) 261
8%
Lightning Lass (Ayla Ranzz) 698
8%
Lightray (Solis) 348
8%
Madame Xanadu (Nimue Inwudu) 441
8%
Matter Eater Lad (Tenzil Kem) 277
8%
Maxima 249
8%
Monsieur Mallah 278
8%
Mr. Bones (Robert Todd) 256
8%
Natasha Irons 500
8%
Nubia 242
8%
Rocket Red (Dmitri Pushkin) 251
8%
Silver Banshee (Siobhan Smythe) 221
8%
Star-Spangled Kid (Sylvester Pemberton) 434
8%
Steve Lombard 495
8%
The Pied Piper (Hartley Rathaway) 339
8%
Thunderbolt (Yz) 444
8%
Captain Comet (Adam Blake) 318
7%
Harbinger (Lyla Michaels) 237
7%
Leslie Thompkins 450
7%
Lucas "Snapper" Carr 308
7%
Robert Crane 296
7%
The Crimson Avenger (Lee Walter Travis) 227
7%
The Engineer (Angie Spica) 307
7%
Tommy Tomorrow 281
7%
Brother E.Y.E. 264
6%
Colossal Boy (Gim Allon) 677
6%
Damage (Grant Emerson) 314
6%
Grifter (Cole Cash) 638
6%
Karate Kid (Val Armorr) 481
6%
Lead 434
6%
Mr. Mind 227
6%
Pandora 260
6%
Pete Ross 417
6%
Shrinking Violet (Salu Digby) 691
6%
Timber Wolf (Brin Londo) 580
6%
White Witch (Mysa Nal) 235
6%
Abra Kadabra 229
5%
Amethyst (Amy Winston) 265
5%
Bigby Wolf 309
5%
Bluebird (Harper Row) 283
5%
Element Lad (Jan Arrah) 600
5%
Emil Hamilton 321
5%
Floronic Man (Jason Woodrue) 330
5%
Inza Nelson 237
5%
Jason Bard 250
5%
Nightshade (Eve Eden) 329
5%
Nuidis Vulko 330
5%
Platinum 473
5%
Shadow Lass (Tasmia Mallor) 581
5%
Sun Boy (Dirk Morgna) 661
5%
The Prankster (Oswald Loomis) 246
5%
Wildfire (Drake Burroughs) 543
5%
Arkillo 255
4%
Congorilla (William Glenmorgan) 523
4%
Dr. Polaris (Neal Emerson) 220
4%
Hector Hammond 264
4%
Human Bomb (Roy Lincoln) 230
4%
Invisible Kid (Lyle Norg) 436
4%
Kamandi 398
4%
Lashina 279
4%
Maggie Sawyer 545
4%
Metron 425
4%
Polar Boy (Brek Bannin) 257
4%
Psycho-Pirate (Roger Hayden) 274
4%
Ron Troupe 265
4%
Sapphire Stagg 218
4%
Streaky 261
4%
Sue Dinby 431
4%
The Eradicator 296
4%
Zauriel 263
4%
Doll Man (Darrell Dane) 375
3%
Ferro Lad (Andrew Nolan) 240
3%
Ice Cream Soldier (Philip Mason) 287
3%
Jax-Ur 235
3%
Kid Devil (Eddie Bloomberg) 255
3%
Kobra (Jeffery Burr) 229
3%
Little Pete 312
3%
Mento (Steve Dayton) 286
3%
Morgan Edge 551
3%
Oberon 339
3%
Peg 249
3%
Sensor Girl (Wilimena Vauxhall) 377
3%
Slam Bradley (Samuel Bradley) 321
3%
Tweedledee (Deever Tweed) 270
3%
Tweedledum (Dumfree Tweed) 268
3%
Abel 406
2%
Argent (Toni Monetti) 232
2%
Chop-Chop (Weng Chan) 454
2%
Chronos (David Clinton) 228
2%
Dr. Occult (Richard Occult) 257
2%
Grunge (Percival Edmund Chang) 332
2%
Phillipus 388
2%
Roy Raymond 269
2%
Skeets 355
2%
Spartan (Hadrian) 314
2%
Tomahawk (Tom Hawkins) 449
2%
Will Magnus 397
2%
Abby Holland 384
1%
Alec Holland 421
1%
Arion 219
1%
Binky Biggs 272
1%
Caitlyn Fairchild 446
1%
Cecil "Spike" Watson 222
1%
Dan Turpin 411
1%
Ellen Baker 245
1%
Jack Hawksmoor 289
1%
Jim Corrigan 451
1%
Lori Lemaris 253
1%
Mr. Majestic (Majestros of Khera) 239
1%
Rocky Davis 329
1%
Sarah Essen 228
1%
Tom Kalmaku 388
1%
Void (Adrianna Tereshkova) 246
1%
Voodoo (Priscilla Kitaen) 291
1%
Andre Blanc-Dumont 416
0%
Bulldozer (Horace Nichols) 438
0%
Charles "Doiby" Dickles 227
0%
Deathblow (Michael Patrick Cray) 261
0%
Freefall (Roxy Spaulding) 313
0%
Hans Hendrickson 383
0%
Ibis the Invincible (Amentep) 263
0%
Jean Loring 316
0%
Jeb Stuart 290
0%
Jerry the Jitterbug 315
0%
John Lynch 306
0%
Little Sure Shot (Louis Kiyahani) 344
0%
Matthew Cable 257
0%
Olaf Friedricksen 399
0%
Paula Von Gunther 242
0%
Philip Darnell 233
0%
Pig-Iron (Peter Porkchops) 253
0%
Rainmaker (Sarah Rainmaker) 298
0%
Sardath 224
0%
Shorty 392
0%
Snow White 280
0%
Stanislaus Drozdowski 372
0%
Sterling Morris 250
0%
Sugar Plumm 226
0%
Unknown Soldier 231
0%
Warblade (Reno Bryce) 247
0%
Wildman (Harold Shapiro) 329
0%
Wolfgang "Woozy" Winks 326
0%
Zealot (Zannah) 402
0%
No matching quizzes found
Score Distribution
Percent of People with Each Score
Percentile by Number Answered
Your Score History
You have not taken this quiz